000 00709nam a2200205 a 4500
001 000041122
005 20240412074300.0
008 130918s2012 dr 000 j spa d
020 _a9789945475302
040 _aDO-SdBNP
_bspa
_cBNPHU
082 _aRD863.44
_bM313c
100 1 _aMarcallé Abreu, Roberto,
_d1948-
_929235
245 1 0 _aConfidencias en torno al oscuro destino de la única mujer fatal :
_bcuentos reunidos /
_cRoberto Marcallé Abreu.
260 _aSanto Domingo :
_bEdiciones Ferilibro,
_c2012.
300 _a602 p. ;
_c23 cm.
590 _aInventariado, 2020 /LP
650 0 _aCuentos dominicanos
_9176
650 0 _aLiteratura dominicana.
_967
910 _aValidado. Control de calidad MFF
999 _c40612
_d40612